000 00442nam a2200181Ia 4500
008 230725s2000 xx 000 0 und d
041 _aeng
082 _a614.14
_bPAR
100 _aPARIKH C.K.
245 _aTEXT BOOK OF MEDICAL JURISPRUDENCE
260 _bC.B.S. PUBLISHERS & DISTRUTORS
_c2000
300 _a12.19
365 _h20
500 _aTEXT BOOK
501 _aPJ
520 _aPB
650 _aPHARMACEUTICAL JURISPRUDENCE
999 _c767931
_d767931